书目信息 |
| 题名: |
股份制
|
|
| 作者: | 崔扬 编著 | |
| 分册: | ||
| 出版信息: | 北京 中国经济出版社 1997 |
|
| 页数: | 418页 | |
| 开本: | 20cm | |
| 丛书名: | ||
| 单 册: | ||
| 中图分类: | F121.29 | |
| 科图分类: | ||
| 主题词: | 股份制--基本知识--中国 | |
| 电子资源: | ||
| ISBN: | 7-5017-4143-3 | |
| 000 | 00567nam0 2200205 45 | |
| 001 | 0198020548 | |
| 005 | 20070726093703.46 | |
| 010 | @a7-5017-4143-3@dCNY21.80 | |
| 100 | @a19980412d1997 em y0chiy0121 ea | |
| 101 | 0 | @achi |
| 102 | @aCN@b110000 | |
| 105 | @ay z 000yy | |
| 200 | 10 | @a股份制@Agu fen zhi@e中共十五大后国人关注的焦点@f崔扬编著 |
| 210 | @a北京@c中国经济出版社@d1997 | |
| 215 | @a418页@d20cm | |
| 606 | @a股份制@x基本知识@y中国 | |
| 690 | @aF121.29@v3 | |
| 701 | 0 | @a崔扬@Acui yang@4编著 |
| 801 | 0 | @aCN@bTSSF@c20070726 |
| 905 | @a10447@dF121.29@e189 | |
| 股份制:中共十五大后国人关注的焦点/崔扬编著.-北京:中国经济出版社,1997 |
| 418页;20cm |
| ISBN 7-5017-4143-3:CNY21.80 |
| ● |
| 相关链接 |
|
|
|
|
正题名:股份制
索取号:F121.29/189
 
预约/预借
| 序号 | 登录号 | 条形码 | 馆藏地/架位号 | 状态 | 备注 |
| 1 | 0769053 | 207690532 | 第一样本阅览室/ [索取号:F121.29/189] | 在馆 |